banner-ar

تعليم المفاهيم و المهارات فى الرياصيات : (Record no. 61349)

MARC details
000 -الفاتح
حقل البيانات ثابتة الطول 01015nam a22002297a 4500
005 - وقت وتاريخ اخر تعامل مع التسجيلة
رقم الضبط 20240530110455.0
008 - عناصر البيانات ثابتة الطول - معلومات عامة
حقل البيانات ثابتة الطول 150601s2011 jo ad g 000 0 ara d
017 ## - رقم الايداع القانونى
رقم الايداع القانونى 2010/10/4021
المصدر ( الهيئة المختصة) المملكة الاردنية الهاشمية . المكتبة الوطنية
040 ## - مصدر الفهرسة
وكالة الفهرسة الأصلية EG-CaGPL
082 04 - رقم تصنيف ديوى العشرى
رقم الطبعة 21
رقم التصنيف 372.7\
رقم المادة ع ت
100 0# - المدخل الرئيسى - إسم شخصى
الإسم الشخصى عباس ناجى المشهدانى
245 10 - بيان العنوان
العنوان تعليم المفاهيم و المهارات فى الرياصيات :
بقية العنوان تطبيقات و امثلة /
بيان المسئوليه,etc عباس ناجى المشهدانى
260 ## - PUBLICATION, DISTRIBUTION, ETC. (IMPRINT)
تاريخ النشر أو التوزيع 2011 .
300 ## - الوصف المادى
التعداد 210 ص :
تفاصيل ماديه اخرى للوعاء ايض ؛
أبعاد الوعاء 24 سم .
650 04 - المدخل الاضافى بالموضوع-مصطلح موضوعى
مصطلح موضوعي الرياضيات
650 04 - المدخل الاضافى بالموضوع-مصطلح موضوعى
مصطلح موضوعي الرياضيات
التقسيم الفرعي العام تعليم و تدريس
650 04 - المدخل الاضافى بالموضوع-مصطلح موضوعى
مصطلح موضوعي الرياضيات
التقسيم الفرعي العام طرق التدريس
650 04 - المدخل الاضافى بالموضوع-مصطلح موضوعى
مصطلح موضوعي البديهيات الرياضية
650 04 - المدخل الاضافى بالموضوع-مصطلح موضوعى
مصطلح موضوعي كسور الاعداد
942 ## - عناصر المدخل الإضافي( كوها)
مصدر التصنيف او مخطط الترفيف Dewey Decimal Classification
Koha [default] item type كتاب
260 ## - PUBLICATION, DISTRIBUTION, ETC. (IMPRINT)
-- عمان ( الاردن ) :
-- دار اليازورى العلمية للنشر و التوزيع ،
Holdings
حالة التراجع حالة الفقد حالة تلف ليس للاعارة المكان المؤقت الموقع الحالى تاريخ الاكتساب اجمالي اﻻعارات رقم الطلب الباركود تاريخ اخر مشاهدة تاريخ تفعيل السعر نوع وعاء كوها
        مكتبة القاهرة الكبرى مكتبة القاهرة الكبرى 06/01/2015   372.7\ ع ت 160626 06/01/2015 06/01/2015 كتاب

Powered By

EGPV